| 000 | 00800nam a2200277Ia 4500 | ||
|---|---|---|---|
| 001 | Para_8282 | ||
| 003 | CHAP | ||
| 008 | 220125s9999 xx 000 0 und d | ||
| 010 | _a205941 | ||
| 040 | _cCHAP | ||
| 082 | _aPA-C 595.752 A6 | ||
| 100 |
_aClarke, Warren T. _923666 |
||
| 245 | _aA list of California aphÃdidae by Warren T. Clarke | ||
| 300 | _a8 p. | ||
| 440 |
_aAphidae; 9 _9171887 |
||
| 500 | _aSobretiro de: The Canadian entomologist. Encuadernado con otros impresos similares | ||
| 650 |
_aAfididos _x California _9172088 |
||
| 650 |
_aAfididos _x Colecciones de escritos _91032 |
||
| 901 | _aPA-C 595.752 A6 | ||
| 902 | _aM | ||
| 905 | _a000000 0000000000 00 | ||
| 910 | _a | ||
| 942 | _cPARA | ||
| 942 |
_cPARA _d1 |
||
| 999 |
_c205941 _d205941 |
||